Trio de Choix - Capitales asiatiques - Statistiques

Statistiques générales
  • Ce quiz a été pris 242 fois
  • Le résultat moyen est 9 sur 15
Statistiques - réponses
Question Réponse % Correct

Est l'anagramme de l'ancienne capitale de son pays

84%

A déjà reçu les J.O d'été et d'hiver

79%

Est la ville la plus peuplée du monde

79%

D'où est originaire le groupe BTS

79%

On y trouve le palais de Gyeongbokgung

74%

Où se situe le siège social de Hyundai

74%

Où se trouve le Temple du Ciel

74%

Fut dévastée par un séisme en 1923

68%

S'écrit "서울" dans la langue officielle de son pays

58%

Son stade national est surnommé "le Nid d'Oiseau"

53%

Où se déroule le film Lost in Translation (Traduction infidèle au Québec)

53%

Sanlitun est l'un de ses quartiers

37%

Est située sur le fleuve Han

32%

Est située la plus au nord des trois

32%

Son drapeau officiel est le suivant :

16%
Aucun quiz correspondant
Distribution des résultats
% des personnes avec chaque résultat
Percentile par nombre de réponses
Votre historique - résultats
Vous n’avez pas pris ce quiz